000
00294nam a22001337a 4500
008
171124b xxu||||| |||| 00| 0 eng d
020
_a
9780078819049
041
_a
eng
080
_2
4 ED
_a
004
100
_a
30
101
_a
SHK
245
_a
DOS THE COMPLETE
_c
KRIS.J
942
_2
udc
_c
BK
999
_c
38449
_d
38449